International forest conservation: (Registro nro. 1243)
[ vista simple ]
| 000 -CABECERA | |
|---|---|
| Campo de control | 00687nam a2200205 a 4500 |
| 005 - FECHA Y HORA DE LA ULTIMA TRANSACCION | |
| Campo de control | 20200104041519.0 |
| 008 - ELEMENTOS DE LONGITUD FIJA—INFORMACION GENERAL | |
| Campo de control | 140226b1998 at d fr|||| 00| 0 eng d |
| 040 ## - FUENTE DE CATALOGACIÓN | |
| Agencia catalogadora original | CO-BoIAVH |
| Agencia transcriptora | CO-BoIAVH |
| 041 0# - IDIOMA | |
| Código de idioma para texto/pista de sonido o título separado | Inglés |
| 082 04 - NUMERO DE CLASIFICACION DECIMAL DEWEY | |
| Número de clasificación | 333.7516 |
| Número del ítem | I61f |
| 245 10 - MENCION DE TITULO | |
| Título | International forest conservation: |
| Parte restante del título | protected areas and beyond (Draft paper) / |
| 260 ## - PUBLICACION, DISTRIBUCION, ETC. (PIE DE IMPRENTA) | |
| Lugar de publicación, distribución, etc. | Canberra (Australia) : |
| Nombre del editor, distribuidor, etc. | IFF, |
| Fecha de publicación, distribución, etc. | 1998. |
| 300 ## - DESCRIPCION FISICA | |
| Extensión | 60 páginas ; |
| Otros detalles físicos | tablas y cuadros ; |
| Dimensiones | 30 x 21 cm. |
| 650 #6 - ASIENTO SECUNDARIO DE MATERIA - TERMINO TEMATICO | |
| Término temático o nombre geográfico como elemento de entrada | Bosques |
| Subdivisión general | Conservación |
| 9 (RLIN) | 61070 |
| 650 #6 - ASIENTO SECUNDARIO DE MATERIA - TERMINO TEMATICO | |
| Término temático o nombre geográfico como elemento de entrada | Areas protegidas |
| 9 (RLIN) | 78 |
| 650 #6 - ASIENTO SECUNDARIO DE MATERIA - TERMINO TEMATICO | |
| Término temático o nombre geográfico como elemento de entrada | Política ambiental |
| 9 (RLIN) | 61072 |
| 650 #6 - ASIENTO SECUNDARIO DE MATERIA - TERMINO TEMATICO | |
| Término temático o nombre geográfico como elemento de entrada | Ordenación forestal |
| 9 (RLIN) | 61057 |
| 710 2# - ASIENTO SECUNDARIO - NOMBRE CORPORATIVO | |
| Nombre corporativo o de jurisdicción como elemento de entrada | Intergovernmental Forum on Forest |
| 9 (RLIN) | 61058 |
| 942 ## - ELEMENTOS ADICIONALES (KOHA) | |
| Tipo de ítem | Libro |
| Sistema de clasificación | Dewey Decimal Classification |
| Withdrawn status | Lost status | Sistema de Clasificación | Damaged status | No para préstamo | Colección | Inventariado | Ubicación Permanente | Ubicación actual | Fecha de adquisición | Fuente de Valor | Valor | Total Checkouts | Número topográfico | Inventario / Código de Barras | Date last seen | Ejemplar | Price effective from | Forma de adquisición | Tipo de material |
|---|---|---|---|---|---|---|---|---|---|---|---|---|---|---|---|---|---|---|---|
| Dewey Decimal Classification | General | Inventariado 2017 | Bogotá | Bogotá | 26/04/1999 | Franco, Ana María | 39000.00 | LB-333.7516 I61f | 001681 | 04/12/2012 | Ej. 1 | 04/12/2012 | Donación | Libro | |||||
| Dewey Decimal Classification | General | Inventariado 2017 | Sala Fabio Quevedo | Sala Fabio Quevedo | 26/04/1999 | Franco, Ana María | 39000.00 | LB-333.7516 I61f | 001680 | 04/12/2012 | Ej. 2 | 04/12/2012 | Donación | Libro |